[Event "Euro Online U2300 Day 2"]
[Site "chess.com INT"]
[Date "2020.05.26"]
[Round "8"]
[White "Sargissyan, Sargis"]
[Black "Yordanov, Lachezar"]
[Result "0-1"]
[WhiteTitle "FM"]
[BlackTitle "FM"]
[WhiteElo "2269"]
[BlackElo "2307"]
[WhiteFideId "13303210"]
[BlackFideId "2918927"]
[EventDate "2020.05.26"]

1. e4 c5 2. Nc3 Nc6 3. Bb5 g6 4. Bxc6 dxc6 5. f4 Bg7 6. Nf3 Nf6 7. O-O O-O 8. d3
b6 9. Qe1 Nd7 10. f5 Ne5 11. Qh4 Nxf3+ 12. Rxf3 c4 13. Rh3 h5 14. Rg3 cxd3 15.
cxd3 e6 16. Bg5 Qd4+ 17. Be3 Qd8 18. Qxd8 Rxd8 19. fxg6 fxg6 20. Rxg6 Kf7 21.
Rg3 Rxd3 22. Rf1+ Kg8 23. Rd1 Rxd1+ 24. Nxd1 Kf7 25. Rf3+ Kg6 26. Rg3+ Kf7 27.
Rf3+ Kg6 28. Nf2 e5 29. Rg3+ Kf7 30. Rf3+ Kg6 31. Rg3+ Kh7 32. Nh3 h4 33. Ng5+
Kg6 34. Rf3 Bg4 35. Rf2 Bh6 36. h3 Bc8 37. Rd2 Bxg5 38. Rd7 Bxd7 0-1

[Event "Euro Online U2300 Day 2"]
[Site "chess.com INT"]
[Date "2020.05.26"]
[Round "8"]
[White "Droin, Augustin"]
[Black "Risteski, Emil"]
[Result "1-0"]
[WhiteTitle "FM"]
[WhiteElo "2313"]
[BlackElo "2159"]
[WhiteFideId "45105987"]
[BlackFideId "15005267"]
[EventDate "2020.05.26"]

1. e4 c5 2. Nf3 Nc6 3. Bb5 g6 4. O-O Bg7 5. Nc3 Nh6 6. d3 O-O 7. h3 d6 8. Re1 f5
9. Bc4+ Kh8 10. Bg5 Ng8 11. Nd5 h6 12. Bd2 Kh7 13. exf5 Bxf5 14. Nh4 e6 15. Nxf5
exf5 16. Nf4 Re8 17. Ne6 Qf6 18. Bc3 Nd4 19. Bxd4 cxd4 20. Nc7 Rxe1+ 21. Qxe1
Rc8 22. Nd5 Qe5 23. f4 Qxe1+ 24. Rxe1 b5 25. Bb3 Rd8 26. Nc7 b4 27. Na6 Nf6 28.
Nxb4 Re8 29. Rxe8 Nxe8 30. Nc6 a6 31. Nb8 Nc7 32. Bc4 a5 33. Nc6 d5 34. Bb3 1-0

[Event "Euro Online U2300 Day 2"]
[Site "chess.com INT"]
[Date "2020.05.26"]
[Round "8"]
[White "Giannoulakis, Lampros"]
[Black "Gasimov, Parviz"]
[Result "1-0"]
[WhiteTitle "FM"]
[BlackTitle "FM"]
[WhiteElo "2293"]
[BlackElo "2337"]
[WhiteFideId "4247019"]
[BlackFideId "13408798"]
[EventDate "2020.05.26"]

1. d4 Nf6 2. c4 g5 3. Nc3 h6 4. h4 g4 5. g3 Bg7 6. e4 d6 7. Be3 e5 8. Nge2 Nc6
9. d5 Ne7 10. h5 Nh7 11. Qd2 f5 12. Bxh6 Bf6 13. Bg2 Ng8 14. Be3 Ng5 15. O-O-O
Nh6 16. Qc2 fxe4 17. Nxe4 Bf5 18. N2c3 Qe7 19. Qd2 Nhf7 20. h6 O-O-O 21. c5 Bxe4
22. Nxe4 Nxe4 23. Bxe4 dxc5 24. Qa5 Bg5 25. Qxa7 Bxe3+ 26. fxe3 Qg5 27. Qxc5
Rxh6 28. Rhf1 Nd6 29. Bc2 Rh2 30. Kb1 Rdh8 31. Rc1 Qg7 32. Qa7 e4 33. Qa8+ Kd7
34. Ba4+ b5 35. Bxb5+ Nxb5 36. Qc6+ Kd8 37. Qxb5 Kc8 38. d6 1-0

[Event "Euro Online U2300 Day 2"]
[Site "chess.com INT"]
[Date "2020.05.26"]
[Round "8"]
[White "Gombocz, Ferenc Jr."]
[Black "Slizunkov, Dmitry"]
[Result "0-1"]
[WhiteTitle "FM"]
[WhiteElo "2209"]
[BlackElo "2120"]
[WhiteFideId "775029"]
[BlackFideId "34185949"]
[EventDate "2020.05.26"]

1. c4 e6 2. g3 d5 3. Bg2 d4 4. d3 Nf6 5. e3 e5 6. exd4 exd4 7. Ne2 Be7 8. O-O
O-O 9. a3 a5 10. Qc2 c5 11. Nd2 Nc6 12. f4 Bf5 13. b3 Re8 14. Bb2 Ng4 15. Rfe1
Ne3 16. Qb1 Nxg2 17. Kxg2 Bf6 18. Nf3 Re3 19. Nc1 Qe7 20. Rxe3 Qxe3 21. Qc2 Re8
22. Ng1 h5 23. Ra2 h4 24. Ba1 Bg4 25. Qd2 h3+ 26. Kf1 Qe6 27. Qf2 Ne7 28. Nce2
Nf5 29. Bb2 Qb6 30. Nc1 Ne3+ 31. Ke1 Nd1+ 0-1

[Event "Euro Online U2300 Day 2"]
[Site "chess.com INT"]
[Date "2020.05.26"]
[Round "8"]
[White "Rajkovic, Dusan"]
[Black "Peycheva, Gergana"]
[Result "1/2-1/2"]
[WhiteTitle "GM"]
[BlackTitle "FM"]
[WhiteElo "2267"]
[BlackElo "2255"]
[WhiteFideId "900265"]
[BlackFideId "2916711"]
[EventDate "2020.05.26"]

1. d4 Nf6 2. c4 e6 3. Nf3 d5 4. Nc3 Bb4 5. Bg5 c5 6. cxd5 exd5 7. e3 h6 8. Bxf6
Qxf6 9. Rc1 c4 10. Be2 O-O 11. O-O Bxc3 12. bxc3 b5 13. Ne5 Nd7 14. f4 Nxe5 15.
dxe5 Qb6 16. Qd4 Qxd4 17. exd4 Rb8 18. f5 a5 19. a3 b4 20. axb4 axb4 21. cxb4
Rxb4 22. g4 g6 23. h3 Rb3 24. Kg2 Rb2 25. Rf2 gxf5 26. gxf5 Bxf5 27. Rxf5 Rxe2+
28. Kf3 Re4 29. Rf6 Kh7 30. Rd1 Kg7 31. Rd6 Rb8 32. Rxd5 Rh4 33. Kg3 Re4 34. Kf3
Rh4 35. Kg3 Re4 36. Kf3 1/2-1/2

[Event "Euro Online U2300 Day 2"]
[Site "chess.com INT"]
[Date "2020.05.26"]
[Round "8"]
[White "Baranow, Sergey"]
[Black "Kacharava, Nikolozi"]
[Result "1-0"]
[BlackTitle "IM"]
[WhiteElo "2192"]
[BlackElo "2437"]
[WhiteFideId "24155055"]
[BlackFideId "13611860"]
[EventDate "2020.05.26"]

1. e4 d6 2. d4 Nf6 3. Nc3 e5 4. Nf3 Nbd7 5. Be2 Be7 6. O-O O-O 7. h3 c6 8. a4 a5
9. Be3 Re8 10. Bc4 h6 11. Qd2 exd4 12. Bxd4 Nf8 13. Rfe1 Be6 14. Bxe6 Nxe6 15.
Rad1 Nh7 16. Qe3 Qc8 17. Ne2 Bf8 18. Ng3 d5 19. Be5 Neg5 20. exd5 cxd5 21. Nxg5
Nxg5 22. Qb3 Ra6 23. Rxd5 Rae6 24. f4 Nh7 25. Kh1 Kh8 26. Red1 b6 27. Kh2 Nf6
28. R5d3 Qc6 29. Rc3 Bc5 30. Rcd3 Ne4 31. Rd8 Nxg3 32. Qxg3 Rg6 33. Qf3 Qe6 34.
Qa8 Rf8 35. Rxf8+ Bxf8 36. Qxf8+ Kh7 37. Rd8 Rxg2+ 38. Kxg2 Qc6+ 39. Kg3 Qg6+
40. Kh4 Qg2 41. Qxg7+ Qxg7 42. Bxg7 Kxg7 43. Rb8 1-0

[Event "Euro Online U2300 Day 2"]
[Site "chess.com INT"]
[Date "2020.05.26"]
[Round "8"]
[White "Hansch, Karsten"]
[Black "Abdullayev, Azer"]
[Result "1-0"]
[WhiteTitle "FM"]
[WhiteElo "2300"]
[BlackElo "2039"]
[WhiteFideId "24692239"]
[BlackFideId "13403400"]
[EventDate "2020.05.26"]

1. d4 Nf6 2. c4 g6 3. Nc3 Bg7 4. e4 d6 5. Be2 O-O 6. Be3 Nbd7 7. g4 c5 8. d5 a6
9. a4 Ne8 10. f4 g5 11. fxg5 Ne5 12. h3 Bd7 13. Qd2 Nc7 14. Nf3 b5 15. Nxe5 Bxe5
16. axb5 axb5 17. Rxa8 Qxa8 18. cxb5 Qa1+ 19. Qc1 Qxc1+ 20. Bxc1 Rb8 21. Kd2
Nxb5 22. Nxb5 Bxb5 23. Bxb5 Rxb5 24. Kc2 Rb4 25. Re1 Rc4+ 26. Kb1 Rb4 27. Kc2
Rc4+ 28. Kb1 Rb4 29. Re2 Bd4 30. h4 Rb3 31. Rg2 Rh3 32. h5 Rh1 33. Kc2 Re1 34.
b4 cxb4 35. Bd2 Rxe4 36. Kd3 b3 37. Bc3 Bxc3 38. Kxe4 b2 39. Rg1 Bd2 40. Kd3
Bxg5 41. Kc2 Bf6 42. g5 Be5 43. h6 Kf8 44. Rg4 f6 45. g6 hxg6 46. Rxg6 f5 47. h7
Kf7 48. Rg8 e6 49. dxe6+ Kxe6 50. Re8+ Kf7 51. Rxe5 dxe5 52. h8=Q 1-0

[Event "Euro Online U2300 Day 2"]
[Site "chess.com INT"]
[Date "2020.05.26"]
[Round "8"]
[White "Buksa, Nataliya"]
[Black "Salimova, Nurgyul"]
[Result "1-0"]
[WhiteTitle "IM"]
[BlackTitle "IM"]
[WhiteElo "2410"]
[BlackElo "2372"]
[WhiteFideId "14123622"]
[BlackFideId "2915138"]
[EventDate "2020.05.26"]

1. d4 Nf6 2. Nc3 d5 3. Bf4 e6 4. e3 Bd6 5. Nf3 O-O 6. Bd3 b6 7. O-O Bb7 8. Ne2
c5 9. c3 Nc6 10. Ng3 Rc8 11. Rc1 cxd4 12. Bxd6 Qxd6 13. exd4 a6 14. Re1 b5 15.
Bb1 b4 16. Qd3 Ne7 17. h4 bxc3 18. bxc3 Ng6 19. Qe3 Qf4 20. Bxg6 Qxe3 21. Bxf7+
Rxf7 22. Rxe3 Rfc7 23. Ng5 Rc6 24. Nxe6 Ng4 25. Ree1 Rxc3 26. Rxc3 Rxc3 27. Nc5
Bc6 28. Nf5 Bb5 29. f3 Nf6 30. Re7 g6 31. Nh6+ Kh8 32. Ne6 Rc8 33. Nf7+ Kg8 34.
Nfg5 Nh5 35. g4 Rc1+ 36. Kf2 Rc2+ 37. Ke1 Re2+ 38. Kd1 h6 39. gxh5 hxg5 40. h6
gxh4 41. Rg7+ Kh8 42. Nf4 1-0

[Event "Euro Online U2300 Day 2"]
[Site "chess.com INT"]
[Date "2020.05.26"]
[Round "8"]
[White "Jafarli, Babak"]
[Black "Hasanagic, Anel"]
[Result "1-0"]
[BlackTitle "CM"]
[WhiteElo "2020"]
[BlackElo "2235"]
[WhiteFideId "13406019"]
[BlackFideId "14605791"]
[EventDate "2020.05.26"]

1. e4 c6 2. Nc3 d5 3. Nf3 Bg4 4. h3 Bxf3 5. Qxf3 Nf6 6. d3 e6 7. a3 Nbd7 8. g3
Qc7 9. Bg2 a6 10. O-O Bc5 11. Kh1 O-O 12. Bf4 Bd6 13. Bd2 Rad8 14. Qe2 b5 15. f4
dxe4 16. dxe4 e5 17. f5 Nb6 18. b3 Rd7 19. g4 Rfd8 20. Be3 Bf8 21. g5 Ne8 22. f6
Rd6 23. fxg7 Nxg7 24. Qf2 Nc8 25. Ne2 Rd2 26. Bxd2 Rxd2 27. Qe3 Rxc2 28. Ng3 Bc5
29. Qd3 Rb2 30. Nf5 Nxf5 31. exf5 e4 32. Qxe4 Qg3 33. Qxc6 Bd6 34. Qxc8+ Bf8 35.
Qa8 Qxg5 36. Rg1 Qe7 37. Rae1 Qd6 38. Re8 Kg7 39. Rxf8 Rxb3 40. Rxf7+ Kxf7 41.
Bd5+ Kf6 42. Bxb3 Qxa3 43. Qh8+ Kxf5 44. Rf1+ Ke4 45. Qxh7+ Kd4 46. Rd1+ Kc3 47.
Qc2+ Kb4 48. Rd4+ Ka5 49. Qc7# 1-0

[Event "Euro Online U2300 Day 2"]
[Site "chess.com INT"]
[Date "2020.05.26"]
[Round "8"]
[White "Sahakyan, Arman K."]
[Black "Afonasieva, Anna"]
[Result "0-1"]
[BlackTitle "WIM"]
[WhiteElo "1775"]
[BlackElo "2274"]
[WhiteFideId "13310992"]
[BlackFideId "24173606"]
[EventDate "2020.05.26"]

1. d4 d5 2. Nf3 Nf6 3. e3 c5 4. b3 Nc6 5. Bb2 Bf5 6. Be2 e6 7. O-O Bd6 8. dxc5
Bxc5 9. c4 O-O 10. Nc3 dxc4 11. Bxc4 Nb4 12. Rc1 Rc8 13. a3 Nd3 14. Bxd3 Bxd3
15. Re1 Bg6 16. Na4 Be7 17. Ne5 Qxd1 18. Rexd1 Bc2 19. Rd4 Bxb3 20. Nc3 h6 21.
h3 a6 22. Nd7 Rfd8 23. Nxf6+ Bxf6 24. Rb4 Bd5 25. Nxd5 Rxc1+ 26. Bxc1 Rxd5 27.
Kh2 b5 28. e4 Rd1 29. Be3 Ra1 30. Rb3 Be7 31. Rc3 Rxa3 32. Rc6 b4 33. e5 Bg5 34.
Bd4 Rd3 35. Ba1 a5 36. Ra6 Rd5 37. Kg3 Bc1 38. f4 Rb5 39. Ra8+ Kh7 40. Rc8 Ba3
41. h4 h5 42. Rc7 Kg6 43. f5+ exf5 44. e6 fxe6 45. Rxg7+ Kh6 46. Rf7 b3 47. Rf6+
Kh7 48. Rxe6 b2 49. Bxb2 Bxb2 50. Rc6 a4 51. Kf4 a3 52. Ra6 Bc1+ 53. Kf3 Rb3+
54. Kf2 Bh6 55. Ra7+ Bg7 56. Kg1 Kg6 57. Ra6+ Bf6 58. Kh2 Kf7 59. Ra5 Ke6 60.
Ra6+ Ke5 61. Ra5+ Ke4 62. Ra4+ Bd4 63. Kh1 Ke3 64. Kh2 Be5+ 65. g3 Kf2 0-1

[Event "Euro Online U2300 Day 2"]
[Site "chess.com INT"]
[Date "2020.05.26"]
[Round "8"]
[White "Sjoberg, Isak"]
[Black "Sernecki, Franciszek"]
[Result "0-1"]
[BlackTitle "FM"]
[WhiteElo "2189"]
[BlackElo "2243"]
[WhiteFideId "1521640"]
[BlackFideId "1169297"]
[EventDate "2020.05.26"]

1. e4 c6 2. d4 d5 3. Nc3 dxe4 4. Nxe4 Nd7 5. Bc4 Ngf6 6. Nxf6+ Nxf6 7. c3 Bf5 8.
Qb3 e6 9. Qxb7 Rc8 10. Bf4 Be7 11. Ba6 O-O 12. Qxc8 Qd5 13. Qb7 Qxg2 14. O-O-O
Qe4 15. Bd3 Qxf4+ 16. Kc2 Qxf2+ 17. Ne2 Qxe2+ 18. Kc1 Bxd3 19. Rd2 Qe3 20. Qxe7
Ne4 21. Rd1 Nxc3 22. Qxf8+ Kxf8 23. bxc3 Be2 24. Re1 Qxc3+ 0-1

[Event "Euro Online U2300 Day 2"]
[Site "chess.com INT"]
[Date "2020.05.26"]
[Round "8"]
[White "Gorodetzky, Matan"]
[Black "Sudakova, Irina"]
[Result "1-0"]
[WhiteTitle "FM"]
[BlackTitle "WGM"]
[WhiteElo "2284"]
[BlackElo "2288"]
[WhiteFideId "2813394"]
[BlackFideId "4129903"]
[EventDate "2020.05.26"]

1. e4 c5 2. Nf3 d6 3. Bb5+ Bd7 4. Bxd7+ Qxd7 5. c4 Nc6 6. d4 cxd4 7. Nxd4 Nf6 8.
f3 g6 9. Be3 Bg7 10. O-O O-O 11. Nc3 Rfc8 12. b3 a6 13. Na4 Qd8 14. Qd3 Nd7 15.
Rfd1 b5 16. Nxc6 Rxc6 17. cxb5 axb5 18. Qxb5 Rc2 19. Rdc1 Rac8 20. Qd3 Ne5 21.
Qd1 Rxc1 22. Rxc1 h5 23. Nb6 Rxc1 24. Qxc1 Nd3 25. Qc8 Qxc8 26. Nxc8 Kf8 27. a4
Bc3 28. Nb6 e6 29. Kf1 Ke8 30. Ke2 Nb4 31. Bd2 Bxd2 32. Kxd2 Kd8 33. Nc4 Kc7 34.
e5 dxe5 35. Nxe5 Nd5 36. Nxf7 Nf4 37. g3 Nd5 38. f4 Nf6 39. Ne5 g5 40. fxg5 Ne4+
41. Ke3 Nxg5 42. h4 Nh7 43. Nd3 Nf6 44. Kf4 Kd6 45. Kg5 Ne4+ 46. Kxh5 Nxg3+ 47.
Kg6 Ke7 48. h5 Kf8 1-0

[Event "Euro Online U2300 Day 2"]
[Site "chess.com INT"]
[Date "2020.05.26"]
[Round "8"]
[White "Rogule, Laura"]
[Black "Rusu, Vlad"]
[Result "0-1"]
[WhiteTitle "WGM"]
[WhiteElo "2297"]
[BlackElo "1833"]
[WhiteFideId "11601876"]
[BlackFideId "55623344"]
[EventDate "2020.05.26"]

1. c4 b6 2. Nc3 e6 3. Nf3 Bb7 4. e4 c5 5. Be2 Nc6 6. O-O Nf6 7. d4 cxd4 8. Nxd4
Nxd4 9. Qxd4 Bc5 10. Qd3 Qc7 11. Kh1 h5 12. a3 Ng4 13. Bxg4 hxg4 14. g3 O-O-O
15. Nb5 Qb8 16. Bf4 e5 17. b4 f5 18. Rae1 Rh3 19. f3 Rdh8 20. Re2 gxf3 21. Rd2
Bd4 22. Rff2 Bxe4 23. Qxd4 exd4 24. Bxb8 Rxh2+ 25. Rxh2 f2# 0-1

[Event "Euro Online U2300 Day 2"]
[Site "chess.com INT"]
[Date "2020.05.26"]
[Round "8"]
[White "Kanyamarala, Tarun"]
[Black "Reizniece-Ozola, Dana"]
[Result "0-1"]
[WhiteTitle "FM"]
[BlackTitle "WGM"]
[WhiteElo "2381"]
[BlackElo "2311"]
[WhiteFideId "45004714"]
[BlackFideId "11601124"]
[EventDate "2020.05.26"]

1. Nf3 Nf6 2. c4 g6 3. b3 Bg7 4. Bb2 O-O 5. g3 d6 6. d4 e5 7. dxe5 Ng4 8. Bg2
Nc6 9. O-O dxe5 10. h3 Nh6 11. Na3 Nf5 12. Qc2 Ncd4 13. Nxd4 Nxd4 14. Qd1 Qe7
15. Nc2 Rd8 16. Nxd4 exd4 17. Qd2 c6 18. Rad1 Bf5 19. g4 Be6 20. Qf4 Qc5 21. Rd2
Rd7 22. Rfd1 Rad8 23. h4 f5 24. gxf5 Bxf5 25. h5 gxh5 26. Qg5 Qf8 27. Bxd4 h6
28. Bxg7 Qxg7 29. Qxg7+ Kxg7 30. Rxd7+ Rxd7 31. Rxd7+ Bxd7 32. f4 h4 33. Bf3 Kf6
34. e4 c5 35. Kf2 b6 36. Bg2 Bg4 37. Bf3 h5 38. Kg2 a5 39. Kf2 a4 40. b4 cxb4
41. e5+ Ke7 42. Bc6 b3 43. axb3 axb3 44. Ba4 Bd1 45. f5 b2 46. f6+ Ke6 47. Bxd1
b1=Q 48. Bxh5 Qf5+ 49. Bf3 Kxe5 0-1

[Event "Euro Online U2300 Day 2"]
[Site "chess.com INT"]
[Date "2020.05.26"]
[Round "8"]
[White "Schlegel, Igor"]
[Black "Alexakis, Dimitris"]
[Result "1/2-1/2"]
[BlackTitle "FM"]
[WhiteElo "2027"]
[BlackElo "2450"]
[WhiteFideId "1334956"]
[BlackFideId "4277023"]
[EventDate "2020.05.26"]

1. e4 c5 2. Nf3 e6 3. d4 cxd4 4. Nxd4 Nc6 5. Nc3 Qc7 6. Be3 a6 7. Qf3 Nf6 8.
O-O-O Ne5 9. Qg3 b5 10. f4 Neg4 11. Bg1 b4 12. Na4 h5 13. e5 Ne4 14. Qe1 Bb7 15.
h3 Nh6 16. Bd3 Nc5 17. Nxc5 Bxc5 18. Be4 Rc8 19. g4 g6 20. Rh2 Ng8 1/2-1/2

[Event "Euro Online U2300 Day 2"]
[Site "chess.com INT"]
[Date "2020.05.26"]
[Round "8"]
[White "Zubcu, Vlad-George"]
[Black "Khalafova, Narmin"]
[Result "0-1"]
[BlackTitle "WGM"]
[WhiteElo "2199"]
[BlackElo "2279"]
[WhiteFideId "1219715"]
[BlackFideId "13402625"]
[EventDate "2020.05.26"]

1. d4 g6 2. e4 Bg7 3. Nc3 d6 4. Bg5 h6 5. Bf4 Nc6 6. Bb5 Bd7 7. Nge2 e5 8. Be3
Nf6 9. h3 O-O 10. Qd2 Kh7 11. O-O-O exd4 12. Nxd4 Nxd4 13. Bxd7 Qxd7 14. Bxd4
Rfe8 15. f3 b5 16. g4 b4 17. Nd5 Nxd5 18. Bxg7 Kxg7 19. Qxd5 Rab8 20. h4 Rb5 21.
Qd4+ Kg8 22. h5 g5 23. Rhe1 Qe6 24. Kb1 a5 25. Re3 a4 26. b3 axb3 27. Rxb3 Ra8
28. Kb2 Rba5 29. Ra1 c5 30. Qd5 Qf6+ 31. e5 dxe5 32. Qe4 Qe6 33. Kb1 Ra4 34. Qb7
Qc4 35. Rd3 Kg7 36. Qe4 Qxe4 37. fxe4 c4 38. Rd7 b3 39. cxb3 cxb3 40. a3 Rxe4
41. Kb2 Rxg4 42. Re1 Rb8 0-1

[Event "Euro Online U2300 Day 2"]
[Site "chess.com INT"]
[Date "2020.05.26"]
[Round "8"]
[White "Bivol, Alina"]
[Black "Tsaknakis, Zisis"]
[Result "0-1"]
[WhiteTitle "WGM"]
[WhiteElo "2386"]
[BlackElo "2217"]
[WhiteFideId "4100123"]
[BlackFideId "4259963"]
[EventDate "2020.05.26"]

1. Nf3 Nf6 2. g3 g6 3. Bg2 Bg7 4. c4 O-O 5. d4 d6 6. O-O Nbd7 7. Nc3 e5 8. e4
exd4 9. Nxd4 a6 10. h3 Re8 11. Re1 Rb8 12. Be3 Ne5 13. b3 c5 14. Nde2 b5 15.
cxb5 axb5 16. f4 Ned7 17. Qxd6 b4 18. Na4 Nxe4 19. Qd3 Bxa1 20. Rxa1 Bb7 21. Rd1
Ndf6 22. Qc2 Qe7 23. Bc1 Ba6 24. Bb2 Qa7 25. Nc1 h5 26. g4 hxg4 27. hxg4 Nc3 28.
Nxc3 c4+ 29. Kh1 Kg7 30. Bh3 Qe3 31. Qg2 bxc3 32. Bxc3 Bb7 0-1

[Event "Euro Online U2300 Day 2"]
[Site "chess.com INT"]
[Date "2020.05.26"]
[Round "8"]
[White "Luczak, Filip"]
[Black "Tsaruk, Maksim"]
[Result "0-1"]
[WhiteTitle "CM"]
[BlackTitle "FM"]
[WhiteElo "2240"]
[BlackElo "2302"]
[WhiteFideId "1193686"]
[BlackFideId "13511173"]
[EventDate "2020.05.26"]

1. d4 d5 2. c4 dxc4 3. Nf3 Nf6 4. e3 e6 5. Bxc4 a6 6. Bb3 c5 7. O-O Nc6 8. Nc3
b5 9. d5 exd5 10. Nxd5 c4 11. Nxf6+ Qxf6 12. Bc2 Be7 13. a4 b4 14. Qd5 Qe6 15.
Be4 Bb7 16. Qxe6 fxe6 17. Nd4 Nxd4 18. Bxb7 Ra7 19. exd4 Rxb7 20. Re1 Kf7 21.
Bf4 Rc8 22. Re3 c3 23. b3 Bf6 24. Rae1 g5 25. Bd6 c2 26. Bc5 Bxd4 27. Rf3+ Kg8
28. Bxd4 c1=Q 29. Re3 Qd2 30. Bf6 Rc1 0-1

[Event "Euro Online U2300 Day 2"]
[Site "chess.com INT"]
[Date "2020.05.26"]
[Round "8"]
[White "Timoshin, Andrei"]
[Black "Svane, Frederik"]
[Result "1-0"]
[WhiteElo "2132"]
[BlackElo "2421"]
[WhiteFideId "4503503"]
[BlackFideId "12923044"]
[EventDate "2020.05.26"]

1. e4 c5 2. Nf3 d6 3. d4 cxd4 4. Qxd4 Nc6 5. Bb5 Bd7 6. Qd3 Nf6 7. c4 g6 8. Nc3
Bg7 9. O-O O-O 10. h3 Rc8 11. Be3 a6 12. Bxc6 Bxc6 13. Nd4 Nd7 14. Rac1 Re8 15.
Rfe1 Nc5 16. Qc2 Bd7 17. b3 Ne6 18. Qd2 Qa5 19. Qd3 Nc5 20. Qc2 Ne6 21. Nxe6
Bxe6 22. Nd5 Bxd5 23. exd5 b5 24. Bg5 bxc4 25. bxc4 Rc7 26. Qb3 Bd4 27. Re4 Qb6
28. Qc2 Rec8 29. Rxe7 Rxc4 30. Qxc4 Rxc4 31. Rxc4 Bxf2+ 32. Kh2 Bg1+ 33. Kh1 1-0

[Event "Euro Online U2300 Day 2"]
[Site "chess.com INT"]
[Date "2020.05.26"]
[Round "8"]
[White "Musovic, Armin"]
[Black "Mesnyankin, Nikita"]
[Result "1-0"]
[WhiteTitle "FM"]
[WhiteElo "2219"]
[BlackElo "2176"]
[WhiteFideId "939935"]
[BlackFideId "24175935"]
[EventDate "2020.05.26"]

1. e4 e5 2. Nf3 Nc6 3. Nc3 Nf6 4. Bb5 Bd6 5. O-O O-O 6. h3 Re8 7. Re1 h6 8. Bxc6
dxc6 9. d4 Nd7 10. dxe5 Nxe5 11. Bf4 Nxf3+ 12. Qxf3 Qf6 13. e5 Bxe5 14. Qg3 Bxf4
15. Rxe8+ Kh7 16. Qf3 Bg4 17. Qd3+ Bf5 18. Qe2 Rxe8 19. Qxe8 Qg6 20. Re1 Be6 21.
Qd8 Qxc2 22. Qd1 Qxb2 23. Qd3+ Kg8 24. g3 Bd6 25. Rb1 Qa3 26. Rxb7 Be5 27. Rb8+ 1-0

[Event "Euro Online U2300 Day 2"]
[Site "chess.com INT"]
[Date "2020.05.26"]
[Round "8"]
[White "Radosevic, Nenad"]
[Black "Kacprzak, Karol"]
[Result "0-1"]
[WhiteElo "2157"]
[BlackElo "1988"]
[WhiteFideId "906395"]
[BlackFideId "21819327"]
[EventDate "2020.05.26"]

1. d4 Nf6 2. Nf3 e6 3. c4 b6 4. a3 Bb7 5. Nc3 d5 6. cxd5 Nxd5 7. Qc2 c5 8. e4
Nxc3 9. bxc3 Be7 10. Bd3 O-O 11. O-O Nc6 12. Be3 cxd4 13. cxd4 Rc8 14. Qe2 Na5
15. Rfd1 h6 16. Rac1 Rxc1 17. Bxc1 Bf6 18. Bb2 Nb3 19. d5 exd5 20. e5 Be7 21.
Bb1 Nc5 22. Qc2 Ne4 23. Qa4 Qb8 24. Nd2 Nc5 25. Qg4 Ne6 26. f4 Bc5+ 27. Kh1 Qd8
28. f5 Qg5 29. Qf3 Nd4 30. Bxd4 Bxd4 31. Qe2 Qf4 32. Nf3 Bc5 33. Qc2 d4 34. f6
g6 35. Ba2 Kh7 36. e6 fxe6 37. Nxd4 Bxd4 38. h3 Rxf6 39. Rxd4 Qxd4 40. Qc7+ Kg8
41. Qb8+ Kg7 0-1

[Event "Euro Online U2300 Day 2"]
[Site "chess.com INT"]
[Date "2020.05.26"]
[Round "8"]
[White "Kashtanov, Ruslan"]
[Black "Akhmedov, David"]
[Result "1-0"]
[WhiteTitle "IM"]
[WhiteElo "2376"]
[BlackElo "1808"]
[WhiteFideId "4124871"]
[BlackFideId "34220194"]
[EventDate "2020.05.26"]

1. Nf3 Nf6 2. c4 g6 3. Nc3 Bg7 4. e4 d6 5. d4 O-O 6. h3 Nbd7 7. Be3 e5 8. d5 Nc5
9. Nd2 Ne8 10. h4 f5 11. h5 Nd7 12. f3 f4 13. Bf2 g5 14. h6 Bh8 15. g3 fxg3 16.
Bxg3 Ndf6 17. Qe2 Kf7 18. O-O-O a6 19. c5 Rb8 20. Nc4 Qe7 21. Kb1 b6 22. cxb6
cxb6 23. Qe3 Nd7 24. Bh3 Nc5 25. Bxc8 Rxc8 26. Nxb6 Rb8 27. Nc4 Bf6 28. Rh2 Qb7
29. Bxe5 dxe5 30. Qxc5 Rc8 31. Nd6+ Nxd6 32. Qxd6 Rxc3 33. Qe6+ Kg6 34. Qf5+ Kf7
35. Qxh7+ Ke8 36. Qxb7 Rc5 37. d6 Bd8 38. h7 Rh8 39. Qg7 Rf8 40. d7# 1-0

[Event "Euro Online U2300 Day 2"]
[Site "chess.com INT"]
[Date "2020.05.26"]
[Round "8"]
[White "Sirosh, Ilja"]
[Black "Papp, Petra"]
[Result "1-0"]
[WhiteTitle "IM"]
[BlackTitle "WGM"]
[WhiteElo "2405"]
[BlackElo "2338"]
[WhiteFideId "4500458"]
[BlackFideId "739049"]
[EventDate "2020.05.26"]

1. d4 Nf6 2. c4 g6 3. Nc3 d5 4. cxd5 Nxd5 5. e4 Nxc3 6. bxc3 Bg7 7. Bc4 c5 8.
Ne2 O-O 9. Be3 Qc7 10. Rc1 b6 11. h4 h5 12. O-O Nc6 13. Qd2 e6 14. Bh6 Na5 15.
Bxg7 Kxg7 16. Bd3 Bb7 17. e5 Nc6 18. Qg5 Qe7 19. Qg3 cxd4 20. Nf4 Nxe5 21. Nxh5+
Kh8 22. Qxe5+ f6 23. Nxf6 Qxf6 24. cxd4 Rad8 25. Rc7 Qxe5 26. dxe5 Bxg2 27. Kxg2
Rxd3 28. Rxa7 Rdf3 29. Re7 R3f4 30. Rxe6 Kg7 31. f3 Rxh4 32. Rc1 Ra4 33. Rcc6
Rxa2+ 34. Kg3 b5 35. Rxg6+ Kh7 36. Rh6+ Kg7 37. Rcg6+ Kf7 38. Rf6+ Kg7 39. Rxf8
Kxf8 40. Rb6 Rb2 41. Kf4 b4 42. Kf5 b3 43. Kf6 Ke8 44. e6 Rd2 45. Rxb3 Rd8 46.
f4 Ra8 47. Rh3 1-0